|
|
|
|
| LEADER |
00000nam a22000007a 4500 |
| 005 |
20160704121050.0 |
| 007 |
cr|||| ||u| |
| 008 |
160704s2016 mx ||||| |||| 00||0 spa d |
| 020 |
|
|
|a 978-607-440-939-0
|
| 035 |
|
|
|a 14365
|
| 040 |
|
|
|a vLex
|
| 090 |
|
|
|c 6227
|d 6227
|
| 100 |
1 |
|
|a Přez Chavez, Jos ̌
|
| 245 |
1 |
0 |
|a Compendio Laboral 2016. Tomo I. Correlacionado artc̕ulo por artc̕ulo
|h [Recurso electrn̤ico] /
|c Jos ̌Přez Chavez
|
| 256 |
|
|
|a Servicio en ln̕ea
|
| 260 |
|
|
|a Mx̌ico
|b Tax Editores
|c 2016
|
| 300 |
|
|
|a 1 recurso electrn̤ico
|
| 506 |
1 |
|
|a Contenido solo disponible en los productos indicados
|d vLex Global
|d vLex Global (Academic Edition, excluding Law Schools)
|d vLex Global (U.S. Academic Edition, Law Schools)
|d vLex Global (U.S. Academic Edition, excluding Law Schools)
|d vLex Global (Academic Edition, Law Schools)
|
| 650 |
0 |
4 |
|a Derecho
|b Mx̌ico
|
| 700 |
1 |
|
|a Fol Olguin, Raymundo
|
| 740 |
0 |
|
|a vLex libros (servicio en ln̕ea)
|
| 856 |
4 |
0 |
|u http://vlex.com/source/compendio-laboral-2016-tomo-i-14365
|z Acceso restringido
|
| 942 |
|
|
|c BOOK
|
| 999 |
0 |
|
|a Law
|b Mx̌ico
|